000 00834cam a2200229 a 4500
001 000006410
005 20200929153928.0
008 800607s1978 cu 001 p spa d
040 _aDO-SdBNP
_cCtY
_dDLC
082 _aV863.4
_bN964c
100 1 _aNuñez, Enrique Bernardo,
_d1895-1964.
_917817
245 1 0 _aCubagua :
_bla galera de Tiberio /
_cEnrique Bernardo Nuñez ; editor, Clara Hernández.
260 _aLa Habana :
_bCasa de las Américas,
_c1978.
300 _axlv, 239 p. ;
_c20 cm.
490 1 _aLiteratura Latinoamericana ;
_vno. 92
504 _aIncluye referencias bibliográficas.
650 4 _aNovela venezolana
_93962
650 4 _aLiteratura venezolana
_ySIGLO XXI
_917361
700 1 _aHernández, Clara,
_eed.
_94129
830 0 _aLiteratura Latinoamericana ;
_vno. 92
_9500
910 _aCatalogación por copia / LC
999 _c6205
_d6205